War and peace / (Record no. 210)

MARC details
000 -LEADER
fixed length control field 01394cam a2200409Ia 4500
003 - CONTROL NUMBER IDENTIFIER
control field data
005 - DATE AND TIME OF LATEST TRANSACTION
control field 20260322212010.0
008 - FIXED-LENGTH DATA ELEMENTS--GENERAL INFORMATION
fixed length control field data
010 ## - LIBRARY OF CONGRESS CONTROL NUMBER
LC control number 93038836
018 ## - COPYRIGHT ARTICLE-FEE CODE
Copyright article-fee code 229296690
020 ## - INTERNATIONAL STANDARD BOOK NUMBER
International Standard Book Number 0375760644
Qualifying information (pbk.)
020 ## - INTERNATIONAL STANDARD BOOK NUMBER
International Standard Book Number 9780375760648
Qualifying information (pbk.)
040 ## - CATALOGING SOURCE
Original cataloging agency AKD
Language of cataloging eng
Transcribing agency AKD
Modifying agency WGT
-- OCLCQ
-- OCL
-- BAKER
-- YDXCP
-- BTCTA
-- OCLCA
-- JQD
-- UPZ
-- BDX
-- OCLCA
-- OCLCF
-- OCLCA
-- OCLCQ
-- OCL
-- OCLCO
-- GGB
-- OCLCO
-- OCL
-- WGT
041 1# - LANGUAGE CODE
Language code of text/sound track or separate title eng
Language code of original rus
043 ## - GEOGRAPHIC AREA CODE
Geographic area code e-ur---
050 #4 - LIBRARY OF CONGRESS CALL NUMBER
Classification number PG3366
Item number .V6 2002
082 04 - DEWEY DECIMAL CLASSIFICATION NUMBER
Classification number 891.73/3
Edition information 22
082 14 - DEWEY DECIMAL CLASSIFICATION NUMBER
Classification number FIC
Item number TOLSTOY
099 ## - LOCAL FREE-TEXT CALL NUMBER (OCLC)
Classification number TOLST L
001 - CONTROL NUMBER
control field data
100 1# - MAIN ENTRY--PERSONAL NAME
Personal name Tolstoy, Leo,
Dates associated with a name 1828-1910
Titles and words associated with a name graf,
240 10 - UNIFORM TITLE
Uniform title Voĭna i mir.
Language of a work English
245 10 - TITLE STATEMENT
Title War and peace /
Statement of responsibility, etc. Leo Tolstoy & Constance Garnett.
246 3# - VARYING FORM OF TITLE
Title proper/short title War & peace
250 ## - EDITION STATEMENT
Edition statement Modern Library pbk. ed
260 ## - PUBLICATION, DISTRIBUTION, ETC.
Place of publication, distribution, etc. New York :
Name of publisher, distributor, etc. Modern Library,
Date of publication, distribution, etc. 2002, ©1994
300 ## - PHYSICAL DESCRIPTION
Extent vii, 1388 pages ;
Dimensions 21 cm
336 ## - CONTENT TYPE
Content type term text
Content type code txt
Source rdacontent
337 ## - MEDIA TYPE
Media type term unmediated
Media type code n
Source rdamedia
338 ## - CARRIER TYPE
Carrier type term volume
Carrier type code nc
Source rdacarrier
490 1# - SERIES STATEMENT
Series statement The Modern Library classics
520 ## - SUMMARY, ETC.
Summary, etc. The monumental Russian classic reflects the life and times of Russian society during the Napoleonic War
650 #0 - SUBJECT ADDED ENTRY--TOPICAL TERM
Topical term or geographic name entry element Napoleonic Wars, 1800-1815
General subdivision Campaigns
Geographic subdivision Russia
Form subdivision Fiction
651 #0 - SUBJECT ADDED ENTRY--GEOGRAPHIC NAME
Geographic name Russia
General subdivision History
Chronological subdivision Alexander I, 1801-1825
Form subdivision Fiction
700 1# - ADDED ENTRY--PERSONAL NAME
Personal name Garnett, Constance,
Dates associated with a name 1861-1946
830 #0 - SERIES ADDED ENTRY--UNIFORM TITLE
Uniform title Modern Library classics
Holdings
Withdrawn status Lost status Damaged status Not for loan Home library Current library Shelving location Date acquired Total checkouts Full call number Barcode Date last seen Price effective from Koha item type
        Centerville Centerville General stacks 22/03/2026   891.73/3 22 BC0010218 22/03/2026 22/03/2026 Books